000 00420nam a2200121Ia 4500
008 171212s9999 xx 000 0 und d
020 _a9781911307747
100 _aSmith, Andrew W.M.;Jeppesen, Chris
245 _cSmith, Andrew W.M.;Jeppesen, Chris
_aBritain, France and the Decolonization of Africa
_bFuture Imperfect?
260 _bUCL Press
_c2017
650 _aHistory
856 _uhttp://jstor.org/stable/j.ctt1mtz521
999 _c352853
_d352853